| 000 | 00374nam a2200145 4500 | ||
|---|---|---|---|
| 999 |
_c610 _d610 |
||
| 008 | 191030b ||||| |||| 00| 0 eng d | ||
| 082 | 0 | 0 |
_a620.1 _bD9111 |
| 100 |
_9118 _aDuncan, J. |
||
| 245 | 1 | 0 |
_aApplied Mechanics for Engineers _cby J Duncan |
| 250 | _a1st ed. | ||
| 260 |
_aLondon _bMcMillan and Co _c1949 |
||
| 300 | _axiv, 718 p. | ||
| 650 | 0 | _aMechanics | |
| 942 |
_2ddc _cBK |
||